00784nam a2200217 i 450000100060000000300090000600500170001500700030003200800410003510000380007624501600011426000490027430000250032349000510034870000310039970000190043070000240044983000510047385200210052485200210054588033ES-MaACL20251015063108.0t|041230s1932 fr ||||1| fre d1 aLa Fontaine, Jean de, d1621-169510aFables, contes et nouvelles / cJean de La Fontaine ; texte établi et annoté par Edmond Pilon, Renè Groos (fables) et par Jacques Schiffrin (contes). aParis : bLa Pleiade, c1932 (eCoulommiers) aX, 751 p. ; c18 cm.1 aBibliothèque reliée de la Pléiade ; v101 aPilon, Edmond, d1874-19451 aGroos, René.1 aSchiffrin, Jacques.0 aBibliothèque reliée de la Pléiade ; v10 aES-MaACLjA-2903 aES-MaACLjB-8427